000 01398nam a2200337 a 4500
999 _c161625
_d161625
003 BLK
005 20240426134843.0
008 180410b bul|||||r ||||||| ||bul||
010 _aKNG00168950000
040 _aBLK
041 _aBUL
_cBUL
072 7 _2bullib
_aК
_xКраезнание
080 _aБългарска литература
_b821.163.2
_x-2(092)
_z821.163.2-2(092)
080 _aКиро Петров Занев. Български учител, книжовник, историк, читалищен деец и фолклорист. Участва в българското националнореволюционното движение
_b929 Бачо Киро
_z929 Бачо Киро
100 _aШабанов, Иван Веселинов
_9283863
139 _aШабанов, Иван Веселинов
_bШ 12
245 1 0 _aБачо Киро
_bПатриот. пиеса в 2 д., 6 карт.
_cИван Веселинов Шабанов.
257 _aBGR
260 _aСофия
_c1967
300 _a41 с.
_c20 см
380 _aX
600 1 4 _aБачо Киро
_9148201
659 _aК
852 _aЦб 45374
_bЦб
852 _aК 821.163.2/Ш 12 И
856 4 _qpdf
856 4 _qpdf
942 _cKNG
_n0
_s1
944 _aCR
_c18.12.2014
_lГеновева Генчева
_k30560
944 _aED
_c2022-06-14
_kГГГ